| 000 | 00380nam a22001457a 4500 | ||
|---|---|---|---|
| 020 | _a8172244991 | ||
| 082 |
_a372.61 _bSHE _cD |
||
| 100 |
_aShetty, T.G _946876 |
||
| 245 |
_aJaico's 1001 words to talk about _cShetty, T.G |
||
| 260 |
_aIndia _bJaico _c1996 |
||
| 300 |
_a92 p. _bill. _c27 cm |
||
| 526 |
_a0 _b0 _c0 _d372_610000000000000_SHE |
||
| 650 |
_aD _96527 |
||
| 942 |
_2ddc _cBK |
||
| 999 |
_c550127 _d550127 |
||